[Event "Natal Potiguar op 11th"]
[Site "Natal"]
[Date "2015.08.08"]
[Round "2"]
[White "Vilela, Paulo Sergio da Cam"]
[Black "Da Silva Miguel, Lucas Ramonn"]
[Result "1/2-1/2"]
[WhiteElo "1589"]
[BlackElo "1336"]
[PlyCount "73"]
[EventDate "2015.08.07"]
[EventType "swiss"]
[EventRounds "5"]
[EventCountry "BRA"]
[SourceTitle "EXT 2016"]
[Source "ChessBase"]
[SourceDate "2015.10.08"]
[SourceVersion "1"]
[SourceVersionDate "2015.10.08"]
[SourceQuality "1"]

1. Nf3 Nf6 2. g3 d5 3. Bg2 c5 4. 0-0 e6 5. d3 d4 6. Nbd2 Nc6 7. a4 Be7 8. Nc4 0-0 9. e4 Qc7 10. Bf4 Qd8 11. h3 Nd7 12. e5 f6 13. Re1 fxe5 14. Nfxe5 Ncxe5 15. Nxe5 g5 16. Bd2 Rf5 17. Ng4 Kg7 18. Rxe6 Nb6 19. Re1 Bd6 20. c3 h5 21. Nh2 Qf6 22. Rf1 Qf7 23. Be4 Re5 24. Nf3 Rxe4 25. Nxg5 Qg6 26. Nxe4 Bxh3 27. Re1 h4 28. Kh2 Qf5 29. Qe2 hxg3+ 30. fxg3 Qh7 31. Ng5 Bg4+ 32. Nxh7 Bxe2 33. Rxe2 Kxh7 34. Bf4 Bxf4 35. gxf4 Nd5 36. Kg3 dxc3 37. bxc3 1/2-1/2

[Event "Natal Potiguar IRT op"]
[Site "Natal"]
[Date "2014.03.28"]
[Round "1"]
[White "Vilela, Paulo Sergio da Cam"]
[Black "Xavier, Lucca Lucas"]
[Result "0-1"]
[WhiteElo "1594"]
[BlackElo "2022"]
[PlyCount "44"]
[EventDate "2014.03.28"]
[EventType "swiss"]
[EventRounds "5"]
[EventCountry "BRA"]
[SourceTitle "CBM 159 Extra"]
[Source "ChessBase"]
[SourceDate "2014.04.24"]
[SourceVersion "1"]
[SourceVersionDate "2014.04.24"]
[SourceQuality "1"]

1. Nf3 d5 2. g3 c5 3. Bg2 Nf6 4. 0-0 Nc6 5. d3 e5 6. e4 d4 7. a4 Be7 8. Na3 0-0 9. Nc4 Qc7 10. h4 Be6 11. Ng5 Bxc4 12. dxc4 h6 13. Nh3 Qd7 14. f4 Nxe4 15. f5 Nxg3 16. Qg4 Nxf1 17. Bxh6 Bf6 18. Rxf1 Kh7 19. Bd2 Rh8 20. Bd5 Kg8 21. Kh1 Rxh4 22. Qg3 Ne7 0-1

[Event "Joao Pessoa op 5th"]
[Site "Joao Pessoa"]
[Date "2014.03.15"]
[Round "3"]
[White "Quaranta Neto, Francisco"]
[Black "Vilela, Paulo Sergio da Cam"]
[Result "1-0"]
[WhiteElo "1942"]
[BlackElo "1594"]
[PlyCount "33"]
[EventDate "2014.03.14"]
[EventType "swiss"]
[EventRounds "6"]
[EventCountry "BRA"]
[SourceTitle "CBM 159 Extra"]
[Source "ChessBase"]
[SourceDate "2014.04.24"]
[SourceVersion "1"]
[SourceVersionDate "2014.04.24"]
[SourceQuality "1"]

1. e4 d6 2. d4 Nf6 3. Bd3 g6 4. f4 Bg7 5. Nf3 0-0 6. c3 c5 7. d5 Nbd7 8. 0-0 Nb6 9. Qe2 a6 10. h3 Nh5 11. Kh2 f5 12. Ng5 h6 13. Ne6 Bxe6 14. dxe6 fxe4 15. Bxe4 d5 16. Bxg6 Nxf4 17. Bf7+ 1-0